Sports Quiz

Random Sports or Baseball Quiz

2011 Minnesota Twins Quiz Stats

 Plays Quiz not verified by Sporcle

Challenge
Share
Tweet
Embed
Score 0/45 Timer 08:00
0 Plays Today
Number Player % Correct
7Joe Mauer
100%
5Michael Cuddyer
95.9%
2Denard Span
94.5%
33Justin Morneau
90.4%
16Jason Kubel
87.7%
11/37Ben Revere
84.9%
47Francisco Liriano
84.9%
21Delmon Young
83.6%
30Scott Baker
82.2%
36Joe Nathan
80.8%
48Carl Pavano
80.8%
1Tsuyoshi Nishioka
75.3%
19Danny Valencia
75.3%
25Jim Thome
75.3%
55Matt Capps
75.3%
12Alexi Casilla
74%
41Drew Butera
72.6%
53Nick Blackburn
72.6%
59Kevin Slowey
68.5%
24Trevor Plouffe
63%
15Glen Perkins
61.6%
52Brian Duensing
54.8%
38Luke Hughes
49.3%
Number Player % Correct
56Dusty Hughes
49.3%
32Rene Rivera
46.6%
51Anthony Swarzak
46.6%
64Chris Parmelee
46.6%
58Scott Diamond
39.7%
50Jose Mijares
38.4%
31Alex Burnett
37%
39Anthony Slama
34.2%
49Jeff Manship
34.2%
20Matt Tolbert
32.9%
63Joe Benson
32.9%
62Liam Hendriks
32.9%
37Jim Hoey
31.5%
23Rene Tosoni
24.7%
18Jason Repko
23.3%
27Steve Holm
20.5%
54Phil Dumatrait
20.5%
26Brian Dinkelman
17.8%
57Kyle Waldrop
15.1%
44Chuck James
13.7%
61Eric Hacker
12.3%
17Lester Oliveros
6.8%

You're not logged in!

Compare scores with friends on all Sporcle quizzes.
OR
Log In

You Might Also Like...

Show Comments

Extras

Top Quizzes Today


Score Distribution

Your Account Isn't Verified!

In order to create a playlist on Sporcle, you need to verify the email address you used during registration. Go to your Sporcle Settings to finish the process.

Report this User

Report this user for behavior that violates our Community Guidelines.

Details: